Hodnotenie krajín prostredníctvom ratingových agentúr

Hodnotenie krajín prostredníctvom ratingových agentúr. Investičné stupne ratingu z hľadiska rizika. Zníženie ratingu USA a niektorým krajinám Eurozóny. Rating ďalších vybraných krajín. Dopad na Slovensko.

Saved in:
Bibliographic Details
Main Author: Zwiebová, Darina
Format: Book Chapter
Language:Slovak
Subjects:
Tags: Add Tag
No Tags, Be the first to tag this record!

MARC

LEADER 00000nla$a2200000$$$4500
001 0146934
005 20240502072644.3
041 0 |a slo 
044 |a SK 
245 1 0 |a Hodnotenie krajín prostredníctvom ratingových agentúr  |c Darina Zwiebová 
520 |a Hodnotenie krajín prostredníctvom ratingových agentúr. Investičné stupne ratingu z hľadiska rizika. Zníženie ratingu USA a niektorým krajinám Eurozóny. Rating ďalších vybraných krajín. Dopad na Slovensko. 
610 2 0 |a situácia hospodárska 
610 2 0 |a prosperita ekonomická 
610 2 0 |a rating 
610 2 0 |a riziko 
610 2 0 |a Európska únia 
610 2 0 |a eurozóna 
610 2 0 |a Slovensko 
610 2 0 |a konkurencieschopnosť 
100 1 |a Zwiebová, Darina